Take Me Out to the Ball Game Lyrics - Statistics

General Stats
  • This quiz has been taken 133 times
  • The average score is 6 of 7
Answer Stats
Hint Answer % Correct
I don't care if I ever get ____! back
91%
For it's one! Two! Three _______ you're out strikes
91%
Take me out to the ballgame, take me out to the _____ crowd
90%
Buy me some peanuts and Cracker ____ jacks
89%
at the ___ ball game! old
87%
If they don't win it's a _____. shame
83%
And it's ____, ____, ____ for the home team, root
79%
No matching quizzes found
Score Distribution
Percent of People with Each Score
Percentile by Number Answered
Your Score History
You have not taken this quiz